000 00385nam a2200133Ia 4500
008 231221s9999 xx 000 0 und d
020 _a978-0-387-89558-1
041 _aEnglish
100 _aPaul Hasler, Vincent Mooney, Ricardo Reis
245 0 _aVLSI-SoC: Advanced Topics on Systems on a Chip
260 _c2009
_bSpringer US
_aNew York
650 _aComputer Science
942 _cEB
999 _c218355
_d218355